| 000 | 00491nam a2200193Ia 4500 | ||
|---|---|---|---|
| 008 | 170918s9999 xx 000 0 und d | ||
| 020 | _a1440502218 | ||
| 050 | _bK183gi 2009 | ||
| 100 | _aKarg, Barb | ||
| 245 | 4 | _aThe girl's guide to werewolves : | |
| 245 | _ball you need to know about the original untamed / | ||
| 245 | _cby Barb Karg. | ||
| 260 | _aUSA : | ||
| 260 | _bAdams Media, | ||
| 260 | _c2009 | ||
| 300 | _a176 pages : | ||
| 300 | _billustrations ; | ||
| 300 | _c22cm. | ||
| 999 |
_c343514 _d343514 |
||